Normal view
MARC view
- Sengupta A K & Nandini Madan, Donor
Entry Personal Name
001 - CONTROL NUMBER
- control field: 106296
003 - CONTROL NUMBER IDENTIFIER
- control field: OSt
005 - DATE AND TIME OF LATEST TRANSACTION
- control field: 20230112004444.0
008 - FIXED-LENGTH DATA ELEMENTS
- fixed length control field: 230112|| aca||aabn | a|a d
040 ## - CATALOGING SOURCE
- Original cataloging agency: OSt
- Transcribing agency: OSt
100 ## - HEADING--PERSONAL NAME
- Personal name: Sengupta A K & Nandini Madan, Donor
670 ## - SOURCE DATA FOUND
- Source citation: Work cat.: (OSt)83888: Sengupta A K & Nandini Madan, Donor, International Marketing, 2010